[Event "Cracovia 2010"]
[Site "Krakow"]
[Date "2011.01.03"]
[Round "8.11"]
[White "Wcislo, Damian"]
[Black "Hartikainen, Markku"]
[Result "1-0"]
[WhiteElo "2219"]
[BlackElo "2314"]
[PlyCount "115"]
[EventDate "2011.??.??"]

1. d4 Nf6 2. c4 g6 3. Nc3 Bg7 4. g3 O-O 5. Bg2 d6 6. Nf3 Nc6 7. O-O Bf5 8. d5
Na5 9. Nd4 Bd7 10. b3 c5 11. Nc2 a6 12. Qd3 Rb8 13. Rb1 b5 14. Bd2 e6 15. dxe6
Bxe6 16. Ne3 Re8 17. cxb5 axb5 18. Nxb5 d5 19. a4 d4 20. Bxa5 Qxa5 21. Nc4 Qb4
22. Rb2 Nd5 23. Nbd6 Red8 24. Bxd5 Bxd5 25. e4 Qc3 26. Rd1 Rxd6 27. exd5 Rxd5
28. a5 Rd7 29. Kg2 Rdb7 30. Qe4 Rxb3 31. Rc2 Qb4 32. a6 Qa4 33. Qd5 Qxa6 34.
Nd6 Qa7 35. Rxc5 Rb2 36. Rd3 Re2 37. Nb5 Qe7 38. Nxd4 Bxd4 39. Qxd4 Re4 40. Qd5
Re6 41. Rf3 Qb7 42. Qd4 Rbe8 43. h4 Re4 44. Qf6 R4e6 45. Qc3 Qe4 46. h5 Qe1 47.
Qb2 Qe2 48. Qc1 Qe4 49. Qc3 Qe1 50. Qb3 Qe4 51. Kh2 Rf8 52. h6 Qd4 53. Rd5 Qe4
54. Qc3 f6 55. Qb3 Kh8 56. Re3 Rb6 57. Rd8 Rxd8 58. Qf7 1-0

[Event "Cracovia 2010"]
[Site "Krakow"]
[Date "2011.01.03"]
[Round "8.12"]
[White "Gavrilov, Alexei"]
[Black "Toma, Katarzyna"]
[Result "1-0"]
[WhiteElo "2488"]
[BlackElo "2234"]
[PlyCount "73"]
[EventDate "2011.??.??"]

1. e4 c5 2. c3 Nf6 3. e5 Nd5 4. Nf3 Nc6 5. Bc4 Nb6 6. Bb3 g6 7. d3 Bg7 8. Bf4
O-O 9. Nbd2 d6 10. exd6 exd6 11. Ne4 d5 12. Nxc5 Qe7+ 13. Be3 d4 14. cxd4 Nxd4
15. Nxd4 Bxd4 16. Qc1 Qe5 17. O-O Bxb2 18. d4 Bxd4 19. Bxd4 Qxd4 20. Rd1 Qh4
21. Qc3 Bf5 22. Nxb7 Rac8 23. Qe5 Nc4 24. Bxc4 Rxc4 25. Nd6 Bc2 26. g3 Qg4 27.
Nxc4 Qxc4 28. Rac1 Qg4 29. Rd4 Qf5 30. Qxf5 Bxf5 31. Rcd1 Be6 32. a3 Kg7 33.
Rd8 Rxd8 34. Rxd8 a6 35. f4 h5 36. Kf2 Bc4 37. Rd6 1-0

[Event "Cracovia 2010"]
[Site "Krakow"]
[Date "2011.01.03"]
[Round "8.13"]
[White "Miron, Lucian-Costin"]
[Black "Przezdziecka, Marta"]
[Result "1-0"]
[WhiteElo "2496"]
[BlackElo "2249"]
[PlyCount "73"]
[EventDate "2011.??.??"]

1. Nf3 Nf6 2. c4 g6 3. b3 Bg7 4. Bb2 O-O 5. g3 d6 6. d4 Nc6 7. d5 Na5 8. Bg2 c5
9. O-O a6 10. Nc3 Bd7 11. Nd2 b5 12. Qc2 Rb8 13. Nd1 Qc7 14. Bc3 e5 15. e4 Rfc8
16. f4 Ne8 17. Ne3 f6 18. h4 Nb7 19. f5 g5 20. Bf3 Qd8 21. Kf2 b4 22. Bb2 a5
23. Rh1 Qe7 24. Rh2 Nd8 25. Rah1 Nf7 26. Bh5 h6 27. Ng4 Kf8 28. hxg5 Nxg5 29.
Bg6 Nc7 30. Nxh6 Be8 31. Nf3 Qd8 32. Bc1 Nxf3 33. Kxf3 Bxg6 34. fxg6 Qe8 35.
Nf5 Qxg6 36. Nxg7 Kxg7 37. Rh6 1-0

[Event "Cracovia 2010"]
[Site "Krakow"]
[Date "2011.01.03"]
[Round "8.14"]
[White "Strzemiecki, Zbigniew"]
[Black "Wandzik, Wojciech"]
[Result "1/2-1/2"]
[WhiteElo "2367"]
[BlackElo "2241"]
[PlyCount "64"]
[EventDate "2011.??.??"]

1. e4 d5 2. exd5 Qxd5 3. Nc3 Qa5 4. d4 Nf6 5. Bc4 c6 6. Nf3 Bf5 7. Bd2 e6 8.
Nd5 Qd8 9. Nxf6+ gxf6 10. Bb3 Nd7 11. Qe2 Qc7 12. O-O-O O-O-O 13. Nh4 Bg6 14.
f4 f5 15. g3 Bd6 16. Kb1 Nf6 17. Bxe6+ fxe6 18. Qxe6+ Qd7 19. Qxf6 Be7 20. Qe5
Bxh4 21. gxh4 Rhe8 22. Qc5 Qxd4 23. Qxd4 Rxd4 24. Bc1 Rxd1 25. Rxd1 Re2 26. Rd2
Rxd2 27. Bxd2 Kd7 28. Be3 b6 29. Kc1 c5 30. Kd2 Kc6 31. Kd3 Bf7 32. c4 h5
1/2-1/2

[Event "Cracovia 2010"]
[Site "Krakow"]
[Date "2011.01.03"]
[Round "8.15"]
[White "Lach, Aleksandra"]
[Black "Barski, Radoslaw"]
[Result "0-1"]
[WhiteElo "2206"]
[BlackElo "2278"]
[PlyCount "110"]
[EventDate "2011.??.??"]

1. e4 c5 2. Nf3 d6 3. d4 cxd4 4. Nxd4 Nf6 5. Nc3 g6 6. Be3 Bg7 7. f3 Nc6 8. Qd2
O-O 9. O-O-O d5 10. Kb1 Nxd4 11. e5 Nf5 12. exf6 exf6 13. Bc5 d4 14. Bxf8 Qxf8
15. Nb5 Be6 16. Re1 Bh6 17. f4 Qc5 18. Bd3 a6 19. Na3 b5 20. Qa5 Nd6 21. c3 Qd5
22. Rxe6 fxe6 23. Rd1 Bxf4 24. g3 Nb7 25. Qb6 Bd6 26. Bc2 Bc5 27. Qc7 Rd8 28.
cxd4 Bxa3 29. bxa3 Rd7 30. Qf4 Kg7 31. g4 Na5 32. Ka1 Nc4 33. Qc1 Qd6 34. g5
fxg5 35. Bb3 Qxa3 36. Qc3 Rd5 37. Re1 Kf7 38. Rb1 Rf5 39. Qd3 Qb4 40. Bc2 Qd6
41. Bb3 Rf4 42. Rd1 Qd5 43. Qh3 Kg7 44. Qc3 a5 45. a4 Rf3 46. Qc2 Qd6 47. d5
Qa3+ 48. Ba2 Rf2 49. Qb3 Rxa2+ 50. Qxa2 Qc3+ 51. Kb1 Na3+ 52. Qxa3 Qxa3 53. d6
Qb3+ 54. Kc1 Qc3+ 55. Kb1 b4 0-1

[Event "Cracovia 2010"]
[Site "Krakow"]
[Date "2011.01.03"]
[Round "8.16"]
[White "Soffer, Ram"]
[Black "Mikrut, Dariusz"]
[Result "1-0"]
[WhiteElo "2486"]
[BlackElo "2372"]
[PlyCount "57"]
[EventDate "2011.??.??"]

1. c4 g6 2. Nc3 Bg7 3. d4 d6 4. e4 e5 5. dxe5 dxe5 6. Qxd8+ Kxd8 7. f4 Nd7 8.
Nf3 c6 9. Be2 Ke7 10. O-O f6 11. g3 Nh6 12. b4 Nf7 13. c5 Nf8 14. fxe5 fxe5 15.
Ng5 Nd8 16. Be3 Nfe6 17. Rad1 Nd4 18. Bc4 Be6 19. Nxe6 N8xe6 20. Nd5+ cxd5 21.
exd5 Nd8 22. Bxd4 exd4 23. Rde1+ Kd7 24. d6 Bh6 25. Re7+ Kc8 26. b5 Bg5 27.
Rc7+ Kb8 28. c6 d3 29. Rxb7+ 1-0

[Event "Cracovia 2010"]
[Site "Krakow"]
[Date "2011.01.03"]
[Round "8.17"]
[White "Nguyen, Piotr"]
[Black "Martynov, Pavel"]
[Result "1-0"]
[WhiteElo "2394"]
[BlackElo "2183"]
[PlyCount "113"]
[EventDate "2011.??.??"]

1. d4 Nf6 2. c4 g6 3. Nc3 Bg7 4. e4 O-O 5. Nf3 d6 6. h3 e5 7. d5 Nh5 8. Nh2 Qe8
9. g3 f5 10. Be2 Nf6 11. g4 Nxe4 12. Nxe4 fxe4 13. Be3 a5 14. Nf1 Na6 15. Ng3
Rf4 16. Qd2 Nb4 17. O-O Qf8 18. a3 Nd3 19. Rab1 Bd7 20. b4 axb4 21. axb4 Qf6
22. Nxe4 Rxe4 23. Qxd3 Rf4 24. Bxf4 exf4 25. c5 Rf8 26. Bf3 h5 27. c6 bxc6 28.
dxc6 Bc8 29. gxh5 Bf5 30. Be4 Qg5+ 31. Kh1 Qxh5 32. Rb3 Be6 33. Rg1 Kh8 34.
Rxg6 Bxb3 35. Qxb3 f3 36. Qe6 Ra8 37. Rg1 Re8 38. Qd7 Rg8 39. Bg6 Qh6 40. Be4
Rf8 41. Rg3 Be5 42. Rg5 Bf6 43. Rg6 Qc1+ 44. Rg1 Qh6 45. Qe6 Bg7 46. Qxh6+ Bxh6
47. b5 Bg7 48. b6 d5 49. Bf5 Rxf5 50. b7 Rf8 51. Rb1 Rb8 52. Rb4 Kh7 53. Ra4
Re8 54. h4 Kh6 55. Kh2 Kh5 56. Ra8 Re4 57. Kg3 1-0

[Event "Cracovia 2010"]
[Site "Krakow"]
[Date "2011.01.03"]
[Round "8.18"]
[White "Mazur, Stefan"]
[Black "Obrusnik, Michal"]
[Result "1/2-1/2"]
[WhiteElo "2389"]
[BlackElo "2204"]
[PlyCount "107"]
[EventDate "2011.??.??"]

1. e4 c6 2. d4 d5 3. e5 Bf5 4. Nf3 e6 5. Be2 c5 6. O-O Nc6 7. Be3 cxd4 8. Nxd4
Nge7 9. f4 a6 10. Nb3 g5 11. fxg5 Nxe5 12. Nd4 h6 13. Nd2 Qd6 14. Qe1 hxg5 15.
Bxg5 Bh6 16. Bxh6 Rxh6 17. N2f3 Nxf3+ 18. Nxf3 O-O-O 19. Bd3 Rdh8 20. Qe5 Qb6+
21. Rf2 Bg4 22. Qd4 Qxd4 23. Nxd4 Rxh2 24. Rxf7 Rh1+ 25. Kf2 Rxa1 26. Rxe7 Rf8+
27. Kg3 Bf5 28. Nxf5 exf5 29. Kf2 Rxa2 30. b3 f4 31. Kf3 Ra1 32. Re5 Kc7 33.
Rxd5 Re1 34. Rg5 Re3+ 35. Kf2 Kd6 36. Rg4 Re7 37. Kf3 Ke5 38. Rg5+ Kd4 39. Bf5
Rc7 40. Bd3 Re7 41. Bf5 Rc7 42. Bd3 Rf6 43. Rg4 Rcf7 44. Rg8 b5 45. Rg5 Kc3 46.
Rg4 Kb4 47. g3 a5 48. gxf4 a4 49. f5+ Ka3 50. bxa4 bxa4 51. Ke3 Rb7 52. Kd2 Rb4
53. Rg1 Kb2 54. c3 1/2-1/2

[Event "Cracovia 2010"]
[Site "Krakow"]
[Date "2011.01.03"]
[Round "8.19"]
[White "Jasny, Stanislav"]
[Black "Szuper, Paul"]
[Result "1-0"]
[WhiteElo "2351"]
[BlackElo "2174"]
[PlyCount "93"]
[EventDate "2011.??.??"]

1. d4 d5 2. c4 e6 3. Nc3 Nf6 4. cxd5 exd5 5. Bg5 Be7 6. e3 O-O 7. Bd3 Re8 8.
Nge2 Nbd7 9. O-O c6 10. Qc2 Nf8 11. f3 g6 12. Rae1 Ne6 13. Bh6 a6 14. Kh1 Qc7
15. a3 Bd6 16. h3 Nh5 17. f4 Bf8 18. Bxf8 Nxf8 19. Rf3 Qd8 20. Ref1 f5 21. Qd2
Nf6 22. Bb1 Ne4 23. Nxe4 fxe4 24. R3f2 Kh8 25. Kh2 Qd6 26. Kh1 Bd7 27. Nc3 Ne6
28. Ba2 Ng7 29. g4 Rf8 30. Qe1 Rf6 31. Rh2 Ne6 32. g5 Rff8 33. Bb3 Ng7 34. Bd1
b6 35. Bg4 c5 36. dxc5 bxc5 37. Nxe4 Qe7 38. Nf6 Bc6 39. Kg1 Rxf6 40. gxf6 Qxf6
41. Qc3 Qxc3 42. bxc3 Re8 43. Re1 h5 44. Bf3 Nf5 45. Rd2 Nh4 46. Bh1 Rb8 47. c4
1-0

[Event "Cracovia 2010"]
[Site "Krakow"]
[Date "2011.01.03"]
[Round "8.20"]
[White "Odnorozhenko, Evgenyi"]
[Black "Veltkamp, Gerben"]
[Result "1-0"]
[WhiteElo "2333"]
[BlackElo "2171"]
[PlyCount "63"]
[EventDate "2011.??.??"]

1. d4 d5 2. c4 c6 3. Nc3 Nf6 4. e3 a6 5. Qc2 b5 6. b3 Bg4 7. Nge2 Bh5 8. Nf4
Bg6 9. Nxg6 hxg6 10. Be2 Nbd7 11. h3 e6 12. Bb2 Bb4 13. O-O O-O 14. a3 Ba5 15.
b4 Bc7 16. cxd5 cxd5 17. a4 Rc8 18. Qb3 Ne4 19. Nxe4 dxe4 20. axb5 axb5 21.
Bxb5 Nf6 22. Be2 Nh5 23. Bxh5 gxh5 24. b5 h4 25. Ba3 Re8 26. Rfc1 Rb8 27. Rc6
Rb7 28. Rac1 Qb8 29. Qc2 Ba5 30. Bd6 Qd8 31. Qa4 Bb6 32. Qa6 1-0

[Event "Cracovia 2010"]
[Site "Krakow"]
[Date "2011.01.03"]
[Round "8.21"]
[White "Bukhteeva, Viktoria"]
[Black "Kalvaitis, Sigitas"]
[Result "1/2-1/2"]
[WhiteElo "2136"]
[BlackElo "2327"]
[PlyCount "35"]
[EventDate "2011.??.??"]

1. e4 e6 2. d4 d5 3. Nc3 Bb4 4. e5 Ne7 5. Qg4 c5 6. a3 Bxc3+ 7. bxc3 O-O 8. Bd3
Nbc6 9. Qh5 Ng6 10. Nf3 Qc7 11. Be3 c4 12. Bxg6 fxg6 13. Qg4 Qf7 14. Ng5 Qe8
15. h4 h6 16. Nh3 Ne7 17. Nf4 Bd7 18. Qe2 1/2-1/2

[Event "Cracovia 2010"]
[Site "Krakow"]
[Date "2011.01.03"]
[Round "8.23"]
[White "Mucha, Roman"]
[Black "Cruz Alvarez De Ron, Dan"]
[Result "1/2-1/2"]
[WhiteElo "2166"]
[BlackElo "2273"]
[PlyCount "55"]
[EventDate "2011.??.??"]

1. e4 Nf6 2. Nc3 e6 3. e5 Nd5 4. Nxd5 exd5 5. d4 d6 6. f4 Bf5 7. Nf3 Nd7 8. Bd3
Bxd3 9. Qxd3 c6 10. O-O dxe5 11. fxe5 Be7 12. Ng5 Bxg5 13. Qf5 O-O 14. Bxg5 Qe8
15. Rae1 Qe6 16. Qd3 Rae8 17. Re3 Qg6 18. Rf5 h6 19. Bf4 Re6 20. Rg3 Qh7 21. h4
f6 22. h5 fxe5 23. Rxf8+ Nxf8 24. Bxe5 Qxd3 25. Rxg7+ Kh8 26. Rf7+ Kg8 27. Rg7+
Kh8 28. Rf7+ 1/2-1/2

[Event "Cracovia 2010"]
[Site "Krakow"]
[Date "2011.01.03"]
[Round "8.24"]
[White "Voiteanu, Gabriel"]
[Black "Koykka, Pekka"]
[Result "1-0"]
[WhiteElo "2262"]
[BlackElo "2142"]
[PlyCount "95"]
[EventDate "2011.??.??"]

1. d4 Nf6 2. c4 c5 3. d5 e6 4. Nc3 exd5 5. cxd5 d6 6. Nf3 g6 7. g3 Bg7 8. Bg2
O-O 9. O-O Re8 10. Bf4 a6 11. a4 Qc7 12. Rc1 Nbd7 13. b4 b6 14. h3 Nh5 15. Bd2
Bb7 16. b5 Nhf6 17. Bf4 Nh5 18. Bd2 Nhf6 19. Ne1 c4 20. bxa6 Rxa6 21. Nb5 Qc5
22. Nd3 cxd3 23. exd3 Rc8 24. Rxc5 bxc5 25. Qb3 Rb8 26. Bf4 Bf8 27. Re1 Ne8 28.
Qc2 Nb6 29. Nc3 Nc7 30. Rb1 Nd7 31. Rb3 Raa8 32. Nb5 Ne8 33. Rb1 Ba6 34. Na3
Rxb1+ 35. Qxb1 Rb8 36. Qc2 Rb4 37. a5 Nc7 38. Bd2 Rd4 39. Nc4 Nxd5 40. Be3 Nb4
41. Qa4 Rxd3 42. Nb2 Rxe3 43. fxe3 Ne5 44. Bf1 Bb7 45. a6 Bc6 46. a7 Bh6 47.
a8=Q+ Kg7 48. Q4xc6 1-0

[Event "Cracovia 2010"]
[Site "Krakow"]
[Date "2011.01.03"]
[Round "8.25"]
[White "Jablonska, Sabina"]
[Black "Gonzalez Diaz, Julio"]
[Result "1/2-1/2"]
[WhiteElo "1903"]
[BlackElo "2259"]
[PlyCount "115"]
[EventDate "2011.??.??"]

1. e4 g6 2. d4 d6 3. Nc3 Bg7 4. f4 Nf6 5. Nf3 O-O 6. Bd3 Nh5 7. O-O Bg4 8. Be2
e6 9. Be3 Nd7 10. Qe1 e5 11. fxe5 dxe5 12. dxe5 c6 13. h3 Bxf3 14. Bxf3 Nxe5
15. Bxh5 gxh5 16. Rd1 Qe7 17. Qf2 b6 18. Qf5 Nc4 19. Bc1 Nd6 20. Qxh5 Nxe4 21.
Nxe4 Qxe4 22. c3 Rae8 23. Bh6 Re5 24. Bg5 h6 25. Rd8 Rxg5 26. Rxf8+ Kh7 27. Qf3
Qxf3 28. Rxf3 Bxf8 29. Rxf7+ Kg8 30. Rxa7 Ra5 31. Rxa5 bxa5 32. Kf2 Kf7 33. Ke3
Ke6 34. Kd4 h5 35. g4 h4 36. a3 Kd6 37. b4 axb4 38. cxb4 Kc7 39. Kc4 Kb6 40. a4
Be7 41. b5 c5 42. g5 Bxg5 43. a5+ Kxa5 44. Kxc5 Be3+ 45. Kc4 Bf2 46. Kd3 Kxb5
47. Ke2 Bb6 48. Kf3 Kc4 49. Kg4 Bd8 50. Kf3 Kd3 51. Kf2 Kd2 52. Kf3 Ke1 53. Kg2
Be7 54. Kg1 Bc5+ 55. Kg2 Ba7 56. Kh1 Bf2 57. Kg2 Bg3 58. Kh1 1/2-1/2

[Event "Cracovia 2010"]
[Site "Krakow"]
[Date "2011.01.03"]
[Round "8.26"]
[White "Kulon, Klaudia"]
[Black "Siwiec, Arkadiusz"]
[Result "1/2-1/2"]
[WhiteElo "2208"]
[BlackElo "2105"]
[PlyCount "68"]
[EventDate "2011.??.??"]

1. c4 Nf6 2. Nc3 g6 3. g3 Bg7 4. Bg2 O-O 5. e3 c6 6. Nge2 d5 7. b3 e5 8. cxd5
Nxd5 9. Nxd5 cxd5 10. O-O Nc6 11. Bb2 Bf5 12. d4 e4 13. Qd2 Qd7 14. b4 Bh3 15.
Bxh3 Qxh3 16. b5 Nd8 17. Ba3 Re8 18. Nf4 Qd7 19. Qa5 Bh6 20. Rab1 Bxf4 21. exf4
Ne6 22. Qd2 Rec8 23. Rb4 a5 24. bxa6 Rxa6 25. Qb2 Nxf4 26. gxf4 Qg4+ 27. Kh1
Qf3+ 28. Kg1 Rxa3 29. Rxb7 Rcc3 30. Qb4 Qxf4 31. Rb8+ Kg7 32. Qf8+ Kf6 33. Rb7
Qg4+ 34. Kh1 Qf3+ 1/2-1/2

[Event "Cracovia 2010"]
[Site "Krakow"]
[Date "2011.01.03"]
[Round "8.27"]
[White "Jacko-jun., Vladimir"]
[Black "Swiech, Przemyslaw"]
[Result "0-1"]
[WhiteElo "2163"]
[BlackElo "2207"]
[PlyCount "60"]
[EventDate "2011.??.??"]

1. e4 c5 2. Nf3 Nc6 3. d3 g6 4. g3 Bg7 5. Bg2 Nf6 6. O-O d5 7. Nbd2 dxe4 8.
dxe4 O-O 9. c3 e5 10. Qc2 h6 11. Nc4 Qe7 12. Re1 b6 13. a4 Ba6 14. Na3 c4 15.
Nd2 Na5 16. b4 cxb3 17. Nxb3 Bd3 18. Qb2 Rfd8 19. Nxa5 bxa5 20. c4 Qb4 21. Qxb4
axb4 22. Nb5 Bxc4 23. Be3 Bd3 24. Bxa7 b3 25. Bb6 b2 26. Rad1 Rd7 27. Nc3 Bc2
28. Rxd7 Nxd7 29. Be3 Bf8 30. Rf1 Bb4 0-1

[Event "Cracovia 2010"]
[Site "Krakow"]
[Date "2011.01.03"]
[Round "8.28"]
[White "Granovskiy, Alexandr"]
[Black "Gorbatenko, Kateryna"]
[Result "1-0"]
[WhiteElo "2312"]
[BlackElo "2138"]
[PlyCount "61"]
[EventDate "2011.??.??"]

1. e4 c5 2. Nf3 Nc6 3. d4 cxd4 4. Nxd4 g6 5. c4 Bg7 6. Be3 Nf6 7. Nc3 Ng4 8.
Qxg4 Nxd4 9. Qd1 Ne6 10. Rc1 Qa5 11. Bd3 b6 12. O-O g5 13. Nd5 Bb7 14. a4 Bxd5
15. exd5 Nf4 16. b3 d6 17. Bf5 Bf6 18. h4 h6 19. h5 e6 20. Bxf4 gxf4 21. b4
Qxb4 22. dxe6 Qc5 23. Qg4 Bg5 24. exf7+ Kxf7 25. Be4 Rad8 26. Bd5+ Kg7 27. Rce1
Rhe8 28. Qf5 Rf8 29. Qg6+ Kh8 30. Re7 Bxe7 31. Qxh6# 1-0

[Event "Cracovia 2010"]
[Site "Krakow"]
[Date "2011.01.03"]
[Round "8.29"]
[White "Bukojemski, Adam"]
[Black "Lewtak, Damian"]
[Result "1-0"]
[WhiteElo "2240"]
[BlackElo "2100"]
[PlyCount "118"]
[EventDate "2011.??.??"]

1. e4 c5 2. Nf3 Nc6 3. d4 cxd4 4. Nxd4 Nf6 5. Nc3 d6 6. Bg5 e6 7. Qd2 a6 8.
O-O-O Bd7 9. f4 h6 10. Bxf6 gxf6 11. Be2 b5 12. Bh5 Qa5 13. Nb3 Qc7 14. Rhe1
Na5 15. Nxa5 Qxa5 16. e5 f5 17. Kb1 b4 18. Ne2 O-O-O 19. exd6 Bc6 20. Qe3 Bd5
21. Nc1 Rd7 22. Bf3 Rxd6 23. Qe5 Rg8 24. Nb3 Qd8 25. Bxd5 Rxd5 26. Rxd5 Qxd5
27. Qxd5 exd5 28. g3 h5 29. Nd4 Kd7 30. Nxf5 Bc5 31. c3 bxc3 32. bxc3 f6 33.
Kc2 a5 34. a4 Rc8 35. Kd3 Rb8 36. Ng7 Rh8 37. Nf5 Rb8 38. Ng7 Rh8 39. c4 dxc4+
40. Kxc4 Bb4 41. Re2 h4 42. g4 h3 43. Re3 Bd6 44. Nh5 f5 45. Rxh3 Kc6 46. g5
Rb8 47. Rb3 Re8 48. Nf6 Rd8 49. Nd5 Bc5 50. Rd3 Re8 51. Nc3 Rb8 52. Nb5 Re8 53.
g6 Re4+ 54. Nd4+ Bxd4 55. Rxd4 Re6 56. g7 Rg6 57. Rd5 Rxg7 58. Rxa5 Re7 59.
Rc5+ Kd6 1-0

[Event "Cracovia 2010"]
[Site "Krakow"]
[Date "2011.01.03"]
[Round "8.30"]
[White "Adamowicz, Katarzyna"]
[Black "Malec, Sebastian"]
[Result "1-0"]
[WhiteElo "2139"]
[BlackElo "2210"]
[PlyCount "95"]
[EventDate "2011.??.??"]

1. d4 Nf6 2. c4 e6 3. Nf3 b6 4. g3 Ba6 5. Qa4 Bb7 6. Bg2 c5 7. O-O Be7 8. dxc5
bxc5 9. Nc3 O-O 10. Rd1 Qb6 11. Bf4 d6 12. Qb3 Nbd7 13. Qxb6 Nxb6 14. b3 Rfd8
15. Nb5 Ne8 16. Rac1 h6 17. h4 e5 18. Bd2 f5 19. Ba5 e4 20. Ne1 Bc6 21. Nxa7
Rxa7 22. Bxb6 Rxa2 23. Bxd8 Bxd8 24. Rc2 Ra3 25. Rb2 Bf6 26. Rbb1 Ra2 27. Kf1
Kf7 28. Bh3 g6 29. h5 Be5 30. Ng2 Ng7 31. hxg6+ Kxg6 32. Ne3 Kg5 33. Rdc1 Ra3
34. Nc2 Ra2 35. Ne3 Ra3 36. Rd1 Ra2 37. Nd5 h5 38. b4 Ba4 39. Re1 cxb4 40. Rxb4
Ne6 41. f4+ exf3 42. exf3 Bxg3 43. Rxe6 Kh4 44. Bxf5 Rf2+ 45. Kg1 Bd1 46. c5+
Kg5 47. Rg6+ Kxf5 48. Rxg3 1-0

[Event "Cracovia 2010"]
[Site "Krakow"]
[Date "2011.01.03"]
[Round "8.32"]
[White "Vaicekauskas, Gytis"]
[Black "Kumor, Lukasz"]
[Result "0-1"]
[WhiteElo "1972"]
[BlackElo "2178"]
[PlyCount "30"]
[EventDate "2011.??.??"]

1. e4 e6 2. d4 d5 3. Nc3 Nf6 4. Bg5 Be7 5. e5 Nfd7 6. h4 Nc6 7. Qg4 f6 8. Bd2
O-O 9. Qxe6+ Kh8 10. Qxd5 fxe5 11. O-O-O exd4 12. Ne4 Qe8 13. Bg5 Nb6 14. Qb3
a5 15. a3 Bf5 0-1

[Event "Cracovia 2010"]
[Site "Krakow"]
[Date "2011.01.03"]
[Round "8.33"]
[White "Polok, Kacper"]
[Black "Khalafova, Narmin Ilgar Qizi"]
[Result "1-0"]
[WhiteElo "2089"]
[BlackElo "2130"]
[PlyCount "53"]
[EventDate "2011.??.??"]

1. e4 c5 2. Nc3 Nc6 3. Bb5 Nd4 4. Bc4 e6 5. Nge2 Nf6 6. O-O a6 7. a4 Nc6 8. d4
cxd4 9. Nxd4 d6 10. Be3 Be7 11. Kh1 O-O 12. f4 Qc7 13. Bd3 Bd7 14. Qe1 Nb4 15.
Qg3 Nxd3 16. cxd3 Kh8 17. Nf3 b5 18. e5 dxe5 19. fxe5 Nd5 20. Nxd5 exd5 21.
Rac1 Qa5 22. e6 Bxe6 23. Bd4 Rg8 24. Ne5 Qxa4 25. Rxf7 Qxd4 26. Rxe7 Rae8 27.
Rxe6 1-0

[Event "Cracovia 2010"]
[Site "Krakow"]
[Date "2011.01.03"]
[Round "8.34"]
[White "Motyl, Tomasz"]
[Black "Mrva, Vladimir"]
[Result "0-1"]
[WhiteElo "2035"]
[BlackElo "2128"]
[PlyCount "59"]
[EventDate "2011.??.??"]

1. e4 e5 2. Nc3 Nf6 3. Bc4 Nxe4 4. Qh5 Nd6 5. Bb3 Be7 6. Qxe5 O-O 7. Nge2 Nc6
8. Qf4 Bg5 9. Qa4 a6 10. d3 Bxc1 11. Rxc1 Nf5 12. O-O d6 13. Nd5 Bd7 14. Qf4
Na5 15. Rce1 Nxb3 16. axb3 Be6 17. Ne3 Ne7 18. Nd4 Bd7 19. Re2 Ng6 20. Qg3 Qf6
21. c3 Nf4 22. Rd2 Rfe8 23. Ndf5 Ng6 24. Nd4 Qe5 25. Qf3 Rab8 26. g3 Bh3 27.
Ng2 Qg5 28. Rdd1 Bg4 29. h4 Qh5 30. Nf4 0-1

[Event "Cracovia 2010"]
[Site "Krakow"]
[Date "2011.01.03"]
[Round "8.35"]
[White "Kireev, Andrey"]
[Black "Krasiewicz, Robert"]
[Result "1-0"]
[WhiteElo "2127"]
[BlackElo "2055"]
[PlyCount "143"]
[EventDate "2011.??.??"]

1. c4 f5 2. Nc3 Nf6 3. g3 g6 4. Bg2 Bg7 5. d4 d6 6. Nf3 O-O 7. O-O Nc6 8. d5
Ne5 9. Nxe5 dxe5 10. Qb3 Nd7 11. Na4 Nb6 12. Bd2 Nxa4 13. Qxa4 e4 14. Qb3 e6
15. Rfd1 Re8 16. Rac1 Qd6 17. Be3 c5 18. dxc6 Qxc6 19. c5 Bd7 20. f3 Qb5 21.
fxe4 Qxb3 22. axb3 Bc6 23. exf5 Bxb2 24. Rc2 exf5 25. Bxc6 bxc6 26. Bf4 Be5 27.
Bxe5 Rxe5 28. Rd7 Rb8 29. Rxa7 Rxb3 30. Rc7 Rbe3 31. Kf2 Re7 32. Rxc6 R3e5 33.
Rc8+ Kf7 34. c6 Re8 35. Rxe8 Rxe8 36. c7 Rc8 37. Kf3 Kf6 38. h4 Ke5 39. e3 h6
40. Rc6 g5 41. Rc5+ Kd6 42. Rxf5 gxh4 43. gxh4 Rxc7 44. Rh5 Rf7+ 45. Ke4 Rf6
46. Ra5 Ke7 47. Ra7+ Kf8 48. Ke5 Rb6 49. e4 Rb1 50. Rh7 Rb5+ 51. Kf6 Rb6+ 52.
Kf5 Kg8 53. Rd7 Rb4 54. h5 Kf8 55. Rh7 Rb6 56. e5 Ra6 57. Rd7 Ra1 58. Kf6 Rf1+
59. Ke6 Rh1 60. Rf7+ Kg8 61. Rf5 Kg7 62. Ke7 Ra1 63. Rf7+ Kg8 64. e6 Ra2 65.
Rf5 Ra7+ 66. Kf6 Kf8 67. Kg6+ Ke8 68. Kxh6 Ra6 69. Rf6 Ke7 70. Kg7 Ra1 71. h6
Rh1 72. Rg6 1-0

[Event "Cracovia 2010"]
[Site "Krakow"]
[Date "2011.01.03"]
[Round "8.36"]
[White "Wiewiora, Eneasz"]
[Black "Karagiannis, Dimitrios"]
[Result "1-0"]
[WhiteElo "2118"]
[BlackElo "1873"]
[PlyCount "51"]
[EventDate "2011.??.??"]

1. Nf3 e6 2. c4 f5 3. g3 Nf6 4. Bg2 d5 5. O-O c6 6. d3 Bd6 7. Nc3 dxc4 8. dxc4
e5 9. e4 O-O 10. Qc2 Nxe4 11. Nxe4 fxe4 12. Ng5 Bf5 13. Nxe4 Na6 14. Qe2 Be7
15. Rd1 Qc7 16. Be3 Rad8 17. a3 Bxe4 18. Bxe4 Nc5 19. Bc2 Ne6 20. c5 Nd4 21.
Bxd4 Rxd4 22. Rxd4 exd4 23. Qe4 g6 24. b4 Bf6 25. Re1 Rf7 26. Bb3 1-0

[Event "Cracovia 2010"]
[Site "Krakow"]
[Date "2011.01.03"]
[Round "8.37"]
[White "Chrzaszcz, Malvina"]
[Black "Izzat, Kanan Azar Oglu"]
[Result "0-1"]
[WhiteElo "2054"]
[BlackElo "2112"]
[PlyCount "43"]
[EventDate "2011.??.??"]

1. e4 c6 2. d4 d5 3. Nc3 dxe4 4. Nxe4 Bf5 5. Ng3 Bg6 6. Bc4 e6 7. N1e2 Bd6 8.
O-O Nd7 9. f4 Ne7 10. Bd3 Qc7 11. Kh1 O-O 12. c4 c5 13. Be3 Rad8 14. Bxg6 hxg6
15. Ne4 Nf5 16. Bg1 cxd4 17. Nxd6 Nxd6 18. b3 Nf5 19. Bxd4 Nc5 20. Be5 Qc6 21.
Qc1 Nd3 22. Qc3 0-1

[Event "Cracovia 2010"]
[Site "Krakow"]
[Date "2011.01.03"]
[Round "8.38"]
[White "Macka, Oto"]
[Black "Sadikhov, Ulvi Ramil Oglu"]
[Result "0-1"]
[WhiteElo "2025"]
[BlackElo "2115"]
[PlyCount "72"]
[EventDate "2011.??.??"]

1. e4 c5 2. Nf3 d6 3. d4 cxd4 4. Nxd4 Nf6 5. Nc3 a6 6. Be2 e6 7. O-O Be7 8. a4
Nc6 9. Kh1 O-O 10. f4 Qc7 11. Nb3 b6 12. Bf3 Rb8 13. Qe1 Re8 14. Be3 Nd7 15.
Rd1 Bf8 16. Bf2 Nc5 17. Nc1 b5 18. axb5 axb5 19. Nd3 b4 20. Nb1 Ba6 21. b3 Bxd3
22. cxd3 Nxb3 23. d4 d5 24. Qe3 Nba5 25. Be2 Rbd8 26. e5 Nc4 27. Qh3 Ra8 28. g4
Ra2 29. Bd3 g6 30. f5 Qa7 31. Bh4 Nb2 32. Bf6 Nxd1 33. Rxd1 Qxd4 34. Bc2 Qf4
35. Rd2 exf5 36. gxf5 Nxe5 0-1

[Event "Cracovia 2010"]
[Site "Krakow"]
[Date "2011.01.03"]
[Round "8.39"]
[White "Marczuk, Dominik"]
[Black "Pirverdiyev, Aqil Kamran Oglu"]
[Result "1-0"]
[WhiteElo "1908"]
[BlackElo "2116"]
[PlyCount "179"]
[EventDate "2011.??.??"]

1. e4 c5 2. Nf3 d6 3. d4 cxd4 4. Nxd4 Nf6 5. Nc3 a6 6. f3 e6 7. Be3 b5 8. Qd2
b4 9. Nce2 e5 10. Nb3 a5 11. a3 d5 12. exd5 bxa3 13. bxa3 a4 14. Nc5 Ra5 15. d6
Bxd6 16. Rd1 Be7 17. Qxd8+ Bxd8 18. Nc3 O-O 19. N3xa4 Bd7 20. Nxd7 Nbxd7 21.
Nb2 Rxa3 22. Nc4 Ra4 23. Be2 Bc7 24. O-O Rfa8 25. Rd2 Kf8 26. Rfd1 Ke7 27. Nd6
Bxd6 28. Rxd6 Rb8 29. c4 Rc8 30. Bg5 Rc7 31. Be3 Nc5 32. Bxc5 Rxc5 33. Rb6 Rc7
34. Rb5 Nd7 35. Rdd5 Ke6 36. Kf2 Rc6 37. f4 f6 38. Rb7 Nc5 39. Bg4+ f5 40.
Rxe5+ Kd6 41. Rd5+ Ke6 42. Bxf5+ Kf6 43. Bd7 Nxd7 44. Rdxd7 Rcxc4 45. Rf7+ Ke6
46. f5+ Ke5 47. Rbe7+ Kd5 48. Rxg7 Rf4+ 49. Kg3 h5 50. Rd7+ Ke5 51. Rge7+ Kf6
52. Re6+ Kxf5 53. Rf7+ Kxe6 54. Rxf4 Ra2 55. h3 Ra7 56. Kh4 Rg7 57. Rf2 Rh7 58.
Rb2 Kf6 59. Rb6+ Kf5 60. Rb5+ Kf6 61. Rxh5 Rg7 62. Rh6+ Kf7 63. g4 Rg8 64. Rh5
Ra8 65. Rf5+ Kg6 66. Kg3 Ra3+ 67. Rf3 Ra5 68. h4 Rb5 69. Rc3 Rb6 70. h5+ Kh6
71. Kh4 Rb4 72. Rc6+ Kg7 73. h6+ Kf7 74. Kh5 Rb1 75. Rc7+ Kg8 76. g5 Rb5 77.
Rc8+ Kh7 78. Rc6 Ra5 79. Re6 Rb5 80. Kg4 Ra5 81. Re7+ Kg8 82. g6 Ra8 83. Kf5
Ra5+ 84. Kf6 Ra6+ 85. Re6 Ra8 86. Rd6 Re8 87. h7+ Kh8 88. Kg5 Re5+ 89. Kh6 Rd5
90. g7# 1-0